Statistiken für Geographie nach Bild - F

Klicken Sie hier um das Quiz zu spielen!

Allgemein

  • Dieses Quiz wurde 1.372 mal gespielt
  • Das Durchschnittsergebnis liegt bei 11 aus 18

Antwortstatistiken

Answer% Korrekt
Finnland
98%
Florida
90%
Florenz
81%
Frankreich
80%
Fjord
80%
Fidschi
79%
Fuji
73%
Frankfurt am Main
70%
Färöer
70%
Favela
68%
Flandern
68%
Fuerteventura
64%
Falklandinseln
48%
Freetown
33%
{Fruchtbarer} Halbmond
28%
Fès
26%
Fortaleza
24%
Fukuoka
18%

Verteilung der Resultate

Perzentil nach korrekt beantworteten Fragen

Anzahl Personen mit jedem Resultat

Ihre Resultats-Entwicklung

Sie haben dieses Quiz noch nicht gespielt